=LDR 00000nam 2200000 4500 =001 INLIS000000000017014 =005 20130612112222 =008 ***********************************Ind** =035 ##$$0010-061300000017014 =041 ##$$a Ind =082 ##$$a 2x3.46 =090 ##$$a 2x3.46, ya n =100 ##$$a Sya'ban, Helmi Ali =245 ##$$a Nabi Adam, Seri para nabi, Helmi Ali Sya'ban ; penerjemah, Thalhatul Choir =260 ##$$a 2004 $b Yogykarta =300 ##$$a x, 201 hlm, 21 cm =650 ##$$a Cerita Nabi =700 ##$$a Khoir, Tholhatul =850 ##$$a NBPNMAT